[Event "Cuxhaven op"]
[Site "Cuxhaven"]
[Date "1993.??.??"]
[Round "7"]
[White "Dokhoian, Yury"]
[Black "Onischuk, Alexander"]
[Result "1/2-1/2"]
[WhiteElo "2550"]
[BlackElo "2495"]
[PlyCount "119"]
[EventDate "1993.03.??"]
[EventType "swiss"]
[EventRounds "9"]
[EventCountry "GER"]
[SourceTitle "EXT 1997"]
[Source "ChessBase"]
[SourceDate "1996.11.15"]
[SourceVersion "1"]
[SourceVersionDate "1996.11.15"]
[SourceQuality "1"]

1. d4 Nf6 2. c4 e6 3. Nf3 b6 4. g3 Ba6 5. b3 Bb7 6. Bg2 Bb4+ 7. Bd2 a5 8. 0-0 0-0 9. Nc3 Re8 10. Qc2 Bxc3 11. Bxc3 Be4 12. Qd1 d6 13. Re1 Nbd7 14. Bh3 e5 15. Nd2 Bg6 16. Bg2 e4 17. Nf1 d5 18. Ne3 c6 19. a4 Nf8 20. f4 exf3 21. exf3 Qd7 22. Qd2 h6 23. Re2 Ne6 24. cxd5 cxd5 25. Ree1 Nc7 26. Bf1 Rec8 27. Bb2 Nce8 28. Rec1 Nd6 29. Rxc8+ Rxc8 30. Rc1 Rxc1 31. Qxc1 Qc8 32. Qxc8+ Nxc8 33. Ba6 Nd6 34. g4 Kf8 35. h4 Ke8 36. Kf2 Kd7 37. g5 hxg5 38. hxg5 Nfe8 39. Nxd5 Nc7 40. Nxc7 Kxc7 41. Ba3 Nf5 42. Bc4 Nxd4 43. Bb2 Ne6 44. f4 Bc2 45. Ke3 Kc6 46. Be5 Kc5 47. Kd2 Bf5 48. Kc3 f6 49. gxf6 gxf6 50. Bxf6 Nxf4 51. Bd4+ Kc6 52. Bb5+ Kb7 53. Be5 Nd5+ 54. Kd4 Nc7 55. Be2 Ne6+ 56. Kc4 Be4 57. b4 axb4 58. Kxb4 Bc6 59. a5 bxa5+ 60. Kxa5 1/2-1/2

[Event "Bonn GSK"]
[Site "Bonn"]
[Date "1993.??.??"]
[Round "?"]
[White "Dokhoian, Yury"]
[Black "Sieglen, Joachim"]
[Result "1/2-1/2"]
[WhiteElo "2515"]
[BlackElo "2365"]
[PlyCount "138"]
[EventDate "1993.??.??"]
[EventType "tourn"]
[EventRounds "9"]
[EventCountry "GER"]
[EventCategory "8"]
[SourceTitle "CBM 034"]
[Source "ChessBase"]
[SourceDate "1993.06.01"]
[SourceVersion "1"]
[SourceVersionDate "1993.06.01"]
[SourceQuality "1"]

1. d4 Nf6 2. c4 g6 3. Nc3 Bg7 4. e4 d6 5. Be2 0-0 6. Nf3 e5 7. 0-0 Nc6 8. d5 Ne7 9. Nd2 Nd7 10. b4 f5 11. c5 Nf6 12. f3 f4 13. Nc4 g5 14. Nb5 Ne8 15. a4 Kh8 16. Bd2 Bf6 17. Be1 a6 18. cxd6 cxd6 19. Nc3 Bd7 20. b5 Nc8 21. bxa6 bxa6 22. Rb1 Rf7 23. a5 Nc7 24. Nb6 Nxb6 25. axb6 Nb5 26. Nxb5 axb5 27. Bf2 Rb8 28. Qb3 h5 29. Bxb5 g4 30. Bxd7 Rxd7 31. Rfc1 Rg7 32. fxg4 hxg4 33. g3 Rbb7 34. Rc6 Qf8 35. Rbc1 Bd8 36. Ra1 Qe7 37. Ra8 Rg8 38. Qa4 fxg3 39. hxg3 Rf8 40. Qc2 Qf6 41. Qe2 Rbf7 42. Rc2 Qg6 43. Rcc8 Qg5 44. Rxd8 Rxd8 45. Rxd8+ Qxd8 46. Qxg4 Qf8 47. Be3 Rg7 48. Bg5 Rf7 49. Kg2 Qg7 50. Qh5+ Kg8 51. Bd8 Rf8 52. Bc7 Rf6 53. Qe8+ Kh7 54. Qh5+ Kg8 55. Qe2 Qd7 56. Qe3 Kh7 57. Qg5 Rg6 58. Qf5 Qe7 59. Qh3+ Kg7 60. Qf5 Rf6 61. Qg5+ Kh7 62. Qg4 Rg6 63. Qf3 Kg7 64. Qc3 Qd7 65. Bd8 Qb5 66. Qf3 Qb2+ 67. Qf2 Qb4 68. Qe3 Qb2+ 69. Qf2 Qb4 1/2-1/2

[Event "Lublin"]
[Site "Lublin"]
[Date "1993.??.??"]
[Round "?"]
[White "Dokhoian, Yury"]
[Black "Solozhenkin, Evgeniy"]
[Result "1/2-1/2"]
[WhiteElo "2510"]
[BlackElo "2480"]
[PlyCount "51"]
[EventDate "1993.??.??"]
[EventType "tourn"]
[EventRounds "11"]
[EventCountry "POL"]
[EventCategory "8"]
[SourceTitle "CBM 037 Extra"]
[Source "ChessBase"]
[SourceDate "1994.01.01"]
[SourceVersion "1"]
[SourceVersionDate "1994.01.01"]
[SourceQuality "1"]

1. d4 d5 2. c4 c6 3. Nc3 Nf6 4. e3 g6 5. Nf3 Bg7 6. Be2 0-0 7. 0-0 b6 8. b4 Bb7 9. Rb1 Nbd7 10. a4 Rc8 11. Ba3 Re8 12. Qb3 e6 13. Rfd1 Qc7 14. cxd5 cxd5 15. Rdc1 Qb8 16. a5 a6 17. b5 Qa8 18. Qa4 bxa5 19. b6 Rc6 20. Qxa5 Qc8 21. Na4 Rxc1+ 22. Bxc1 Bf8 23. Ne1 Ne4 24. Nd3 Qc2 25. Bf1 Rc8 26. Qe1 1/2-1/2

[Event "Muenster op"]
[Site "Muenster"]
[Date "1993.??.??"]
[Round "9"]
[White "Dokhoian, Yury"]
[Black "Stangl, Markus"]
[Result "1/2-1/2"]
[WhiteElo "2550"]
[BlackElo "2525"]
[PlyCount "20"]
[EventDate "1993.10.??"]
[EventType "swiss"]
[EventRounds "9"]
[EventCountry "GER"]
[SourceTitle "EXT 1999"]
[Source "ChessBase"]
[SourceDate "1998.11.16"]
[SourceVersion "1"]
[SourceVersionDate "1998.11.16"]
[SourceQuality "1"]

1. d4 d5 2. Nf3 c6 3. c4 e6 4. Qc2 dxc4 5. Qxc4 Nf6 6. g3 b5 7. Qc2 Bb7 8. Bg5 Nbd7 9. Bg2 Qb6 10. 0-0 c5 1/2-1/2

[Event "Cattolica op"]
[Site "Cattolica"]
[Date "1993.??.??"]
[Round "7"]
[White "Drazic, Sinisa"]
[Black "Dokhoian, Yury"]
[Result "0-1"]
[WhiteElo "2400"]
[BlackElo "2550"]
[PlyCount "88"]
[EventDate "1993.05.??"]
[EventType "swiss"]
[EventRounds "9"]
[EventCountry "ITA"]
[SourceTitle "TD"]
[Source "ChessBase"]
[SourceDate "1994.03.01"]
[SourceVersion "1"]
[SourceVersionDate "1994.03.01"]
[SourceQuality "1"]

1. e4 c5 2. Nf3 Nc6 3. d4 cxd4 4. Nxd4 Nf6 5. Nc3 d6 6. Bc4 Qb6 7. Nb3 e6 8. 0-0 Be7 9. a4 0-0 10. Re1 Qc7 11. a5 Rd8 12. Nb5 Qb8 13. Bf4 h6 14. Bg3 a6 15. Nc3 b5 16. axb6 Qxb6 17. Bf4 Bb7 18. Na4 Qc7 19. Nac5 a5 20. Nxb7 Qxb7 21. Ra4 d5 22. exd5 Nxd5 23. Bxd5 Rxd5 24. Qf3 Qd7 25. Rc4 Rc8 26. h3 a4 27. Nd2 e5 28. Be3 f5 29. Nb1 e4 30. Qe2 Nd4 31. Bxd4 Rxd4 32. Rxc8+ Qxc8 33. Nc3 Bb4 34. Qe3 Bxc3 35. bxc3 Rc4 36. Qa7 Qc5 37. Qa8+ Kh7 38. Re3 a3 39. h4 Rxc3 40. Rxc3 Qxc3 41. Qd5 Qe1+ 42. Kh2 Qxf2 43. Kh3 e3 44. h5 e2 0-1

[Event "Bundesliga 9293"]
[Site "Germany"]
[Date "1993.??.??"]
[Round "?.2"]
[White "Jasnikowski, Zbigniew"]
[Black "Dokhoian, Yury"]
[Result "1/2-1/2"]
[WhiteElo "2460"]
[BlackElo "2510"]
[PlyCount "38"]
[EventDate "1992.10.24"]
[EventType "team-tourn"]
[EventRounds "15"]
[EventCountry "GER"]
[SourceTitle "GER-chT"]
[Source "ChessBase"]
[SourceDate "1999.07.01"]
[SourceVersion "1"]
[SourceVersionDate "1999.07.01"]
[SourceQuality "1"]
[WhiteTeam "Erfurt"]
[BlackTeam "Bochum"]
[WhiteTeamCountry "GER"]
[BlackTeamCountry "GER"]

1. d4 d5 2. c4 e6 3. Nf3 Nf6 4. Nc3 c6 5. Bg5 dxc4 6. e4 b5 7. e5 h6 8. Bh4 g5 9. Nxg5 hxg5 10. Bxg5 Nbd7 11. exf6 Bb7 12. g3 c5 13. d5 Qb6 14. Bg2 0-0-0 15. 0-0 b4 16. Na4 Qb5 17. a3 exd5 18. axb4 cxb4 19. Qg4 Bd6 1/2-1/2

[Event "Muenster op"]
[Site "Muenster"]
[Date "1993.??.??"]
[Round "4"]
[White "Lagunow, Alexander"]
[Black "Dokhoian, Yury"]
[Result "0-1"]
[WhiteElo "2420"]
[BlackElo "2550"]
[PlyCount "80"]
[EventDate "1993.10.??"]
[EventType "swiss"]
[EventRounds "9"]
[EventCountry "GER"]
[SourceTitle "EXT 1999"]
[Source "ChessBase"]
[SourceDate "1998.11.16"]
[SourceVersion "1"]
[SourceVersionDate "1998.11.16"]
[SourceQuality "1"]

1. c4 e6 2. Nf3 d5 3. d4 Nf6 4. Nc3 c6 5. e3 Nbd7 6. Bd3 dxc4 7. Bxc4 b5 8. Bd3 a6 9. e4 c5 10. d5 c4 11. dxe6 fxe6 12. Bc2 Qc7 13. 0-0 Bb7 14. Qe2 Bd6 15. Nd4 Nc5 16. f4 e5 17. Nf5 0-0 18. Nxd6 Qxd6 19. fxe5 Qxe5 20. Rf5 Qc7 21. Bf4 Qc6 22. Nd5 Nxd5 23. exd5 Qd7 24. Qg4 Bxd5 25. Rd1 Rxf5 26. Bxf5 Qf7 27. Bd6 Nd3 28. Bxd3 Qa7+ 29. Kh1 cxd3 30. Rxd3 Qf2 31. Rd1 Rd8 32. h3 Rxd6 33. Rxd5 Qe1+ 34. Kh2 Rxd5 35. Qc8+ Kf7 36. Qb7+ Ke6 37. Qc6+ Kf5 38. Qxd5+ Qe5+ 39. Qxe5+ Kxe5 40. Kg3 Ke4 0-1